000 00545nam a22001337a 4500
040 _cRUA
082 _aAGR POV 2010 B046 Or.1
100 _aPOV, LENG
245 _aCorn production of farmer in saang district, kandal province ផលិតកម្មពោត​របស់កសិករ ខេត្តកណ្តាល នៅស្រុកស្អាង
260 _aPhnom penh
_bRUA
_c2010
300 _axi, 50p.
_bill.
_c29cm.
856 _uhttps://drive.google.com/file/d/1Qvfx-uPoorpW7uBVw7wp_ENpL1jOsqYF/view?usp=sharing
942 _cAGR
999 _c1073
_d1073